Central Library OPAC University of Rajshahi

An encounter with Islam / (Record no. 56999)

MARC details
000 -LEADER
fixed length control field 00733nam a22002537a 4500
001 - CONTROL NUMBER
control field 56999
003 - CONTROL NUMBER IDENTIFIER
rucl marc code BD-RjUL
005 - DATE AND TIME OF LATEST TRANSACTION
control field 20211209080446.0
008 - FIXED-LENGTH DATA ELEMENTS--GENERAL INFORMATION
fixed length control field 161205b1995 bg a|||| b||| 001 0 eng d
020 ## - INTERNATIONAL STANDARD BOOK NUMBER
International Standard Book Number 9840690108 :
Terms of availability : TK. 41.00
035 ## - SYSTEM CONTROL NUMBER
System control number (BD-RjUL)57123
040 ## - CATALOGING SOURCE
Original cataloging agency BD-RjUL
Language of cataloging eng
Transcribing agency BD-RjUL
Modifying agency BD-RjUL
041 ## - LANGUAGE CODE
Language code of text/sound track or separate title eng
082 ## - DEWEY DECIMAL CLASSIFICATION NUMBER
Edition number 23
Classification number 297.0904
Author mark and year FAA 1995
100 ## - MAIN ENTRY--PERSONAL NAME
Personal name Farid, Ahmed
9 (RLIN) 169384
245 ## - TITLE STATEMENT
Title An encounter with Islam /
Statement of responsibility, etc. Ahmed Farid
250 ## - EDITION STATEMENT
Edition statement 1st ed.
260 ## - PUBLICATION, DISTRIBUTION, ETC. (IMPRINT)
Place of publication, distribution, etc. Dhaka :
Name of publisher, distributor, etc. Islamic foundation Bangladesh,
Date of publication, distribution, etc. 1995.
300 ## - PHYSICAL DESCRIPTION
Pagination x, 136 p. :
Illustrations ill ;
Size 22 cm.
504 ## - BIBLIOGRAPHY, ETC. NOTE
Bibliography, etc Includes index and Bibliography p. (122-128)
650 ## - SUBJECT ADDED ENTRY--TOPICAL TERM
Topical term or geographic name as entry element Islam
9 (RLIN) 169385
Chronological subdivision 20th century
9 (RLIN) 169386
942 ## - ADDED ENTRY ELEMENTS (KOHA)
Source of classification or shelving scheme Dewey Decimal Classification
Koha item type Books
Holdings
Lost status Source of classification or shelving scheme Damaged status Not for loan Collection code Permanent Location Current Location Shelving location Date acquired Source of acquisition Total Checkouts Full call number Date last seen Copy number Koha item type
  Dewey Decimal Classification     Non-fiction Central Library, University of Rajshahi Central Library, University of Rajshahi Reading Room 06/05/1996 Director national research council, Dhaka   297.0904 FAA 1995 05/12/2016 C-1 Books